Jövedelemadó tekintetében a csonka év jövedelme egy teljes évre nem számolható át.

Elmentve itt :
Bibliográfiai részletek
Dokumentumtípus: Cikk
Megjelent: 1927
Sorozat:Polgári jog : a hazai és külföldi magánjog és hiteljog szemléje 3
Kulcsszavak:Adózás jogi szabályozás
Online Access:http://misc.bibl.u-szeged.hu/4755
LEADER 00612nab a2200157 i 4500
001 misc4755
005 20191106142928.0
008 170607s1927 hu o 0|| hun d
040 |a SZTE Miscellanea Repozitórium  |b hun 
041 |a hun 
245 0 0 |a Jövedelemadó tekintetében a csonka év jövedelme egy teljes évre nem számolható át.  |h [elektronikus dokumentum] 
260 |c 1927 
300 |a 179f 
490 0 |a Polgári jog : a hazai és külföldi magánjog és hiteljog szemléje  |v 3 
695 |a Adózás jogi szabályozás 
856 4 0 |u http://misc.bibl.u-szeged.hu/4755/1/polgari_jog_1927_179f.pdf  |z Dokumentum-elérés